000 00735nam a2200253Ia 4500
003 OSt
005 20221006151244.0
006 a|||||r|||| 00| 0
007 ta
008 221006b |||||||| |||| 00| 0 eng d
024 _a21,470
037 _cSeries Articles
040 _aEASL
_cEASL
_beng
041 _2eng
_aeng
100 _aBillard Elizabeth
_9658717
245 0 _aFemale face of illiteracy in China Elizabeth Billard
260 _aLeiden
_bSinological Institute, Leiden University The Netherlands
_c1999
300 _a27-65
_ccm.
490 _v13
500 _aIndex Vol. 13 (June 1998 - June 1999) on page 161
650 _aChina
942 _cREF
_2CC
999 _c1089556
_d1089556